<?xml version="1.0" encoding="UTF-8"?>
<record
    xmlns:xsi="http://www.w3.org/2001/XMLSchema-instance"
    xsi:schemaLocation="http://www.loc.gov/MARC21/slim http://www.loc.gov/standards/marcxml/schema/MARC21slim.xsd"
    xmlns="http://www.loc.gov/MARC21/slim">

  <leader>00782nam a22001577a 4500</leader>
  <controlfield tag="003">OSt</controlfield>
  <controlfield tag="005">20230524201521.0</controlfield>
  <controlfield tag="008">151111b        xxu||||| |||| 00| 0 eng d</controlfield>
  <datafield tag="040" ind1=" " ind2=" ">
    <subfield code="c">RUA</subfield>
  </datafield>
  <datafield tag="082" ind1=" " ind2=" ">
    <subfield code="a">FOR</subfield>
    <subfield code="2"> HEN 2008 B134 Or.1</subfield>
  </datafield>
  <datafield tag="100" ind1=" " ind2=" ">
    <subfield code="9">3565</subfield>
    <subfield code="a">HEANG, TITHLONG.</subfield>
  </datafield>
  <datafield tag="245" ind1=" " ind2=" ">
    <subfield code="a">Study on forest management plan of kampong chhnang's forestry administration division kampong chhnang's forestry administration cantonment, &#x179F;&#x17B7;&#x1780;&#x17D2;&#x179F;&#x17B6;&#x179B;&#x17BE;&#x1795;&#x17C2;&#x1793;&#x1780;&#x17B6;&#x179A;&#x1782;&#x17D2;&#x179A;&#x1794;&#x17CB;&#x1782;&#x17D2;&#x179A;&#x1784;&#x1796;&#x17D2;&#x179A;&#x17C3;&#x1788;&#x17BE;&#x1780;&#x17D2;&#x1793;&#x17BB;&#x1784;&#x1795;&#x17D2;&#x1793;&#x17C2;&#x1780;&#x179A;&#x178A;&#x17D2;&#x178B;&#x1794;&#x17B6;&#x179B;&#x1796;&#x17D2;&#x179A;&#x17C3;&#x1788;&#x17BE;&#x1780;&#x17C6;&#x1796;&#x1784;&#x17CB;&#x1786;&#x17D2;&#x1793;&#x17B6;&#x17C6;&#x1784; &#x1781;&#x178E;&#x17D2;&#x178C;&#x179A;&#x178A;&#x17D2;&#x178B;&#x1794;&#x17B6;&#x179B;&#x1796;&#x17D2;&#x179A;&#x17C3;&#x1788;&#x17BE;&#x1780;&#x17C6;&#x1796;&#x1784;&#x17CB;&#x1786;&#x17D2;&#x1793;&#x17B6;&#x17C6;&#x1784;</subfield>
  </datafield>
  <datafield tag="260" ind1=" " ind2=" ">
    <subfield code="a">Phnom Penh</subfield>
    <subfield code="b">RUA</subfield>
    <subfield code="c">2008</subfield>
  </datafield>
  <datafield tag="300" ind1=" " ind2=" ">
    <subfield code="a">x; 68p.</subfield>
    <subfield code="b">ill.</subfield>
    <subfield code="c">29cm.</subfield>
  </datafield>
  <datafield tag="942" ind1=" " ind2=" ">
    <subfield code="2">ddc</subfield>
    <subfield code="c">FOR</subfield>
  </datafield>
  <datafield tag="999" ind1=" " ind2=" ">
    <subfield code="c">3320</subfield>
    <subfield code="d">3320</subfield>
  </datafield>
  <datafield tag="952" ind1=" " ind2=" ">
    <subfield code="0">0</subfield>
    <subfield code="1">0</subfield>
    <subfield code="2">ddc</subfield>
    <subfield code="4">0</subfield>
    <subfield code="6">FOR_HEN_2008_000000000000000_B134_OR_1</subfield>
    <subfield code="7">0</subfield>
    <subfield code="9">15570</subfield>
    <subfield code="a">LBB</subfield>
    <subfield code="b">LBB</subfield>
    <subfield code="c">B134</subfield>
    <subfield code="d">2015-11-11</subfield>
    <subfield code="o">FOR HEN 2008 B134 Or.1</subfield>
    <subfield code="p">RUA028786</subfield>
    <subfield code="r">2015-11-11</subfield>
    <subfield code="w">2015-11-11</subfield>
    <subfield code="y">FOR</subfield>
  </datafield>
  <datafield tag="952" ind1=" " ind2=" ">
    <subfield code="0">0</subfield>
    <subfield code="1">0</subfield>
    <subfield code="2">ddc</subfield>
    <subfield code="4">0</subfield>
    <subfield code="6">FOR_HEN_2008_000000000000000_B134_OR_2</subfield>
    <subfield code="7">0</subfield>
    <subfield code="9">15571</subfield>
    <subfield code="a">LBB</subfield>
    <subfield code="b">LBB</subfield>
    <subfield code="c">B134</subfield>
    <subfield code="d">2015-11-11</subfield>
    <subfield code="o">FOR HEN 2008 B134 Or.2</subfield>
    <subfield code="p">RUA028858</subfield>
    <subfield code="r">2015-11-11</subfield>
    <subfield code="w">2015-11-11</subfield>
    <subfield code="y">FOR</subfield>
  </datafield>
  <datafield tag="952" ind1=" " ind2=" ">
    <subfield code="0">0</subfield>
    <subfield code="1">0</subfield>
    <subfield code="2">ddc</subfield>
    <subfield code="4">0</subfield>
    <subfield code="6">FOR_HEN_2008_000000000000000_B134_OR_3</subfield>
    <subfield code="7">0</subfield>
    <subfield code="9">15572</subfield>
    <subfield code="a">LBB</subfield>
    <subfield code="b">LBB</subfield>
    <subfield code="c">B134</subfield>
    <subfield code="d">2015-11-11</subfield>
    <subfield code="o">FOR HEN 2008 B134 Or.3</subfield>
    <subfield code="p">RUA028570</subfield>
    <subfield code="r">2015-11-11</subfield>
    <subfield code="w">2015-11-11</subfield>
    <subfield code="y">FOR</subfield>
  </datafield>
  <datafield tag="952" ind1=" " ind2=" ">
    <subfield code="0">0</subfield>
    <subfield code="1">0</subfield>
    <subfield code="2">ddc</subfield>
    <subfield code="4">0</subfield>
    <subfield code="6">FOR_HEN_2008_000000000000000_B134_OR_4</subfield>
    <subfield code="7">0</subfield>
    <subfield code="9">15573</subfield>
    <subfield code="a">LBB</subfield>
    <subfield code="b">LBB</subfield>
    <subfield code="c">B134</subfield>
    <subfield code="d">2015-11-11</subfield>
    <subfield code="o">FOR HEN 2008 B134 Or.4</subfield>
    <subfield code="p">RUA028574</subfield>
    <subfield code="r">2015-11-11</subfield>
    <subfield code="w">2015-11-11</subfield>
    <subfield code="y">FOR</subfield>
  </datafield>
  <datafield tag="952" ind1=" " ind2=" ">
    <subfield code="0">0</subfield>
    <subfield code="1">0</subfield>
    <subfield code="2">ddc</subfield>
    <subfield code="4">0</subfield>
    <subfield code="6">FOR_HEN_2008_000000000000000_B136_OR_5</subfield>
    <subfield code="7">0</subfield>
    <subfield code="9">15574</subfield>
    <subfield code="a">LBB</subfield>
    <subfield code="b">LBB</subfield>
    <subfield code="c">B136</subfield>
    <subfield code="d">2015-11-11</subfield>
    <subfield code="o">FOR HEN 2008 B136 Or.5</subfield>
    <subfield code="p">RUA028211</subfield>
    <subfield code="r">2015-11-11</subfield>
    <subfield code="w">2015-11-11</subfield>
    <subfield code="y">FOR</subfield>
  </datafield>
  <datafield tag="952" ind1=" " ind2=" ">
    <subfield code="0">0</subfield>
    <subfield code="1">0</subfield>
    <subfield code="2">ddc</subfield>
    <subfield code="4">0</subfield>
    <subfield code="6">FOR_HEN_2008_000000000000000_B134_OR_6</subfield>
    <subfield code="7">0</subfield>
    <subfield code="9">15918</subfield>
    <subfield code="a">LBB</subfield>
    <subfield code="b">LBB</subfield>
    <subfield code="c">B134</subfield>
    <subfield code="d">2015-11-13</subfield>
    <subfield code="o">FOR HEN 2008 B134 Or.6</subfield>
    <subfield code="p">RUA027338</subfield>
    <subfield code="r">2015-11-13</subfield>
    <subfield code="w">2015-11-13</subfield>
    <subfield code="y">FOR</subfield>
  </datafield>
  <datafield tag="952" ind1=" " ind2=" ">
    <subfield code="0">0</subfield>
    <subfield code="1">0</subfield>
    <subfield code="2">ddc</subfield>
    <subfield code="4">0</subfield>
    <subfield code="6">FOR_HEN_2008_000000000000000_B134_OR_7</subfield>
    <subfield code="7">0</subfield>
    <subfield code="9">15919</subfield>
    <subfield code="a">LBB</subfield>
    <subfield code="b">LBB</subfield>
    <subfield code="c">B134</subfield>
    <subfield code="d">2015-11-13</subfield>
    <subfield code="o">FOR HEN 2008 B134 Or.7</subfield>
    <subfield code="p">RUA027444</subfield>
    <subfield code="r">2015-11-13</subfield>
    <subfield code="w">2015-11-13</subfield>
    <subfield code="y">FOR</subfield>
  </datafield>
  <datafield tag="952" ind1=" " ind2=" ">
    <subfield code="0">0</subfield>
    <subfield code="1">0</subfield>
    <subfield code="2">ddc</subfield>
    <subfield code="4">0</subfield>
    <subfield code="6">FOR_HEN_2008_000000000000000_B134_OR_8</subfield>
    <subfield code="7">0</subfield>
    <subfield code="9">15920</subfield>
    <subfield code="a">LBB</subfield>
    <subfield code="b">LBB</subfield>
    <subfield code="c">B134</subfield>
    <subfield code="d">2015-11-13</subfield>
    <subfield code="o">FOR HEN 2008 B134 Or.8</subfield>
    <subfield code="p">RUA027416</subfield>
    <subfield code="r">2015-11-13</subfield>
    <subfield code="w">2015-11-13</subfield>
    <subfield code="y">FOR</subfield>
  </datafield>
  <datafield tag="952" ind1=" " ind2=" ">
    <subfield code="0">0</subfield>
    <subfield code="1">0</subfield>
    <subfield code="2">ddc</subfield>
    <subfield code="4">0</subfield>
    <subfield code="6">FOR_HEN_2008_000000000000000_B134_OR_9</subfield>
    <subfield code="7">0</subfield>
    <subfield code="9">15921</subfield>
    <subfield code="a">LBB</subfield>
    <subfield code="b">LBB</subfield>
    <subfield code="c">B134</subfield>
    <subfield code="d">2015-11-13</subfield>
    <subfield code="l">1</subfield>
    <subfield code="o">FOR HEN 2008 B134 Or.9</subfield>
    <subfield code="p">RUA042521</subfield>
    <subfield code="r">2018-07-24</subfield>
    <subfield code="s">2018-07-13</subfield>
    <subfield code="w">2015-11-13</subfield>
    <subfield code="y">FOR</subfield>
  </datafield>
  <datafield tag="952" ind1=" " ind2=" ">
    <subfield code="0">0</subfield>
    <subfield code="1">0</subfield>
    <subfield code="2">ddc</subfield>
    <subfield code="4">0</subfield>
    <subfield code="6">FOR_HEN_2008_000000000000000_B134_OR_10</subfield>
    <subfield code="7">0</subfield>
    <subfield code="9">36948</subfield>
    <subfield code="a">LBB</subfield>
    <subfield code="b">LBB</subfield>
    <subfield code="d">2016-02-03</subfield>
    <subfield code="o">FOR HEN 2008 B134 Or.10</subfield>
    <subfield code="p">RUA028202</subfield>
    <subfield code="r">2016-02-03</subfield>
    <subfield code="w">2016-02-03</subfield>
    <subfield code="y">FOR</subfield>
  </datafield>
</record>
